| 000 | 00410nam a2200157Ia 4500 | ||
|---|---|---|---|
| 005 | 20240807062415.0 | ||
| 008 | 240806s9999||||xx |||||||||||||| ||eng|| | ||
| 041 | _aeng | ||
| 082 |
_a891.4312 _bKABI |
||
| 100 | _aHarihar Prasad Gupta | ||
| 245 | 0 |
_aKabir kavya pratibha aru sanrachna / _cHarihar Prasad Gupta |
|
| 260 | _bBhasha Sahitya Sansthan Allahabad | ||
| 300 | _a0 | ||
| 650 | _aHindi | ||
| 942 | _cBK | ||
| 999 |
_c18071 _d18071 |
||